Dejiny zdravotníctva na Slovensku

Bibliographic Details
Main Author: Bokesová-Uherová, Mária, 1917-1997 (Author)
Format: Book
Language:Slovak
Published: Martin Osveta 1989
Edition:1. vyd.
Series:Zdravotníctvo a vedecký svetonázor
Subjects:

MARC

LEADER 00000cam a2200000 a 4500
001 vtls001081466
003 SK-MaSNL
005 20260301231511.0
008 240226s1989 xo ol frn 000 0 slo
015 |a SNBA1989 
020 |a 8021700041  |q (viazané) 
035 |a SNK000024304 
035 |a 83DE370D-78B0-4EEC-ACA3-885987B87161 
035 |a urn:nbn:sk:snk-am00ijln 
040 |a SNK  |b slo  |c SNK  |e AACR2 
041 0 |a slo 
043 |a e-xo--- 
044 |a xo  |c SK 
072 7 |a 614  |x Verejné zdravie a hygiena  |2 konspekt 
072 7 |a 93/94  |x Dejiny (všeobecne)  |2 konspekt 
080 |a 614.2  |2 2011 
080 |a 93/94  |2 2011 
080 |a (437.6)  |2 2011 
080 |a (048.8)  |2 2011 
100 1 |a Bokesová-Uherová, Mária,  |d 1917-1997  |4 aut  |9 102616 
245 1 0 |a Dejiny zdravotníctva na Slovensku  |c Mária Bokesová-Uherová 
250 |a 1. vyd. 
260 |a Martin  |b Osveta  |c 1989 
300 |a 370 strán  |b fotografie, tabuľky  |c 21 cm 
366 |e 1000 kusov 
490 1 |a Zdravotníctvo a vedecký svetonázor  |v zv. 17 
500 |a Zoznam obrázkov na strane 362-363 
504 |a Bibliografia na strane 364-370 
650 0 7 |a zdravotníctvo  |2 SNKPH  |9 1269 
650 0 7 |a dejiny  |2 SNKPH  |9 3825 
651 7 |a Slovensko  |2 SNKPHgeo 
655 7 |a štúdie  |2 SNKPH  |9 57033 
655 7 |a monografie  |2 SNKPH  |9 70139 
830 0 |a Zdravotníctvo a vedecký svetonázor  |9 298195 
852 |a Slovenská národná knižnica 
919 |a 80-217-0004-1 
954 |a odborná, vedecká literatúra pôvodná (slovenská)  |2 lita 
958 |a RK 
958 |a TL 
958 |a MI 
958 |a NB 
958 |a OND 
958 |a EUIPO 
999 |c 958621  |d 960551 
952 |a SNK  |b SNK  |y VYP  |7 0  |p 17A0342041  |o snkSC 74644 D2  |i snkKSP 4837/2002  |0 0  |1 0  |4 0  |d 2002-04-25  |l 0  |r 2004-12-31 00:00:00  |w 2026-02-24 
952 |a SNK  |b SNK  |y VYP  |7 0  |p 17A0029326  |o snkSC 74644 D1  |i snkKSP 5122/89  |3 Popísaná  |0 0  |1 0  |4 0  |d 1996-12-20  |l 0  |r 2004-12-31 00:00:00  |w 2026-02-24 
952 |a SNK  |b SNK  |y PREZ  |7 0  |p 17A0997226  |o snkSC 74644  |i snkKSP 5121/89  |0 0  |1 0  |4 0  |d 2012-09-29  |f 1  |l 0  |r 2025-07-31 00:00:00  |w 2026-02-24